News piracy and the hot news doctrine (Record no. 207741)
[ view plain ]
| 000 -LEADER | |
|---|---|
| fixed length control field | 01770nam a22003974a 4500 |
| 082 04 - DEWEY DECIMAL CLASSIFICATION NUMBER | |
| Classification number | 346.7304/82 |
| 100 1# - MAIN ENTRY--AUTHOR NAME | |
| Personal name | Ekstrand, Victoria Smith, |
| 245 10 - TITLE STATEMENT | |
| Title | News piracy and the hot news doctrine |
| 260 ## - PUBLICATION, DISTRIBUTION, ETC. (IMPRINT) | |
| Place of publication | New York : |
| Name of publisher | LFB Scholarly Pub., |
| Year of publication | 2005. |
| 300 ## - PHYSICAL DESCRIPTION | |
| Number of Pages | x, 213 p. |
| 490 1# - SERIES STATEMENT | |
| Series statement | Law and society |
| 505 0# - FORMATTED CONTENTS NOTE | |
| Formatted contents note | Introduction : The scope of piracy -- The origins of the hot news doctrine -- INS v. AP -- Interpreting INS v. AP -- NBA v. Motorola and the new boundaries of hot news. |
| 650 #0 - SUBJECT ADDED ENTRY--TOPICAL TERM | |
| Topical Term | Journalists |
| Topical Term | Copyright |
| Topical Term | Piracy (Copyright) |
| Topical Term | Copyright and electronic data processing. |
| Topical Term | Internet |
| 856 40 - ELECTRONIC LOCATION AND ACCESS | |
| Uniform Resource Identifier | http://site.ebrary.com/lib/rucke/Doc?id=10115165 |
No items available.
